LEADER 00927nam a2200217 i 4500 001 000000042585 003 CaOOAMICUS 005 20090723000000.0 008 090723s1938 it u000 u ita u 013 $a13755 040 $aSeMil$bita 100 1 $aJanni, Ugo.$0(OLS)http://semarc/name/1937 245 10$aCorpus Domini :$bla Chiesa, suoi valori eterni suoi problemi moderni /$cUgo Janni. 260 $aModena :$bGuanda,$c1938$e(Luogo di manifattura non identificato :$fPrem. Coop. Tipografi,$g1938) 300 $a810 p. ;$c21 cm. 490 0 $aProblemi d'oggi ;$v31 830 0$aProblemi d'oggi ;$v31.$0(OLS)http://semarc/title/7652 850 $aSeMil 852 $aSeMil$W1$xVenegono$y1$m2B I 112$j8740$B8740$CSeMilBibl$Z2$F8740 $81 996 $6245$aCorpus Domini :$bla Chiesa, suoi valori eterni suoi problemi moderni$9(OLS)http://semarc/title/62159 996 $6260$aModena :$bGuanda$9(OLS)http://semarc/publisher/31804 LEADER 00826nam a2200193 i 4500 001 000000102976 003 CaOOAMICUS 005 20260227171449.0 008 010912s1962 it u000 u ita u 040 $aSeMil$bita 245 10$a16: Principio di secolo (1901-1915) 300 $aXXIII, 1108 p., [1] c. di ritratto, [28] c. di tav., [4] c. di tav. ripieg., [24] p. di tav. 650 4$aMilano - Storia - Sec. 20.$0(OLS)http://semarc/subject/7354 773 0 $tStoria di Milano.$dMilano : Fondazione Treccani degli Alfieri per la storia di Milano, 1953-1996.$g16$w()6600 850 $aSeMil 852 $aSeMil$W1$xVenegono$y1$mSL1.K VI 16$j267825$B59437$CSeMilBibl$Z2$F43928 $8I 961 $aAcquisto: Casa editrice 996 $6245$a16: Principio di secolo (1901-1915)$9(OLS)http://semarc/title/149720